| 000 | 00438ntaaa2200181 4500 | ||
|---|---|---|---|
| 003 | 01 | ||
| 005 | 20251027203001.0 | ||
| 008 | 0714s1973 ag 01 | ||
| 040 |
_aAR-BaBN _bspa _cAR-BaBN _eaacr _dRIC |
||
| 082 | _a985.0000 P18 | ||
| 100 |
_aPalma, Ricardo _930807 |
||
| 245 | _aTradiciones Peruanas | ||
| 250 | _a8 ed. | ||
| 260 |
_aMéxico : _bEspasa-Calpe Argentina, _cc1938 |
||
| 300 | _a160 p | ||
| 650 |
_aPerú _921554 |
||
| 942 | _cBK | ||
| 999 |
_c25244 _d25244 |
||